00827nam a22002177a 4500003000900000005001700009008003700026020001500063040002200078082001600100100002500116245017900141260006800320300002900388490003200417700002500449700002800474700004100502700003500543830003100578DO-SdBNP20171206094128.0161031b 1996 xxu a 00| 0 spa d a0673758516 aBPMSUbspacBPMSU axxxxbP729f1 aPlotnick, Harvey M. 10a¡Feliz cumpleaños! /cHarvey M. Plotnick ; ilustraciones Andrew Shachat ; adaptación Patricia Almada ; traducción Mercedes Quintana Barragán, Natalia Ruano Martinez  aEstados Unidos : bCelebration Press, bScott Foresman, c1996. a8 p. : bil. ; c18 cm. 1 aPequeñitas celebraciones 12aShachat, Andreweil.12aAlmada, Patriciaeadap.12aQuintana Barragán, Mercedesetrad.12aRuano Martinez, Nataliaetrad. 0aPequeñitas celebraciones